000 00428nam a2200157Ia 4500
008 210210b1978 xxu||||| |||| 00| 0 eng d
082 _a651.75 KORE
100 _aKORLAHALLI (J S)
245 _aEssentials of commercial correspondence.
260 _aDelhi.
_bSultan Chand & Sons
_c1978
300 _aCC274
650 _aCommercial Correspondence
690 _aCorrespondence
700 _aRAJENDRA PAL.
906 _aSG01544
999 _c113028
_d113028